[Event "87th Argentinean Championship"]
[Site "Villa Martelli, ARG"]
[Date "2013.04.05"]
[Round "3.22"]
[White "Brea, Emanuel"]
[Black "Fiori, Alberto Nicolas"]
[Result "0-1"]
[WhiteElo "1880"]
[BlackElo "2128"]

1. d4 d5 2. c4 e6 3. Nc3 Nf6 4. cxd5 exd5 5. Bg5 Nbd7 6. e3 c6 7. Bd3 Be7 8.
Qc2 O-O 9. Nf3 Re8 10. O-O Nf8 11. h3 g6 12. Bxf6 Bxf6 13. b4 a6 14. Na4 Ne6
15. Nc5 Ng7 16. a4 a5 17. bxa5 Rxa5 18. Rfb1 Qe7 19. Ra3 Nf5 20. Rab3 Nd6 21.
Qd2 Ra7 22. a5 Qc7 23. Rb6 Kg7 24. Qb4 Bd8 25. Bf1 Qe7 26. Ne5 Bxb6 27. Qxb6
Ra8 28. a6 bxa6 29. Qxc6 Be6 30. Bxa6 Rab8 31. Rc1 Rb2 32. Ned3 Ra2 33. Nb4
Rb2 34. Ncd3 Rd2 35. Nf4 Ne4 36. Nbxd5 Bxd5 37. Nxd5 Qh4 38. g3 Qd8 39. Bb5
Re6 40. Qc4 Nxf2 41. Rf1 Nxh3+ 42. Kh1 Qg5 0-1

[Event "87th Argentinean Championship"]
[Site "Villa Martelli, ARG"]
[Date "2013.04.06"]
[Round "4.1"]
[White "Flores, Diego"]
[Black "Pichot, Alan"]
[Result "1-0"]
[WhiteElo "2600"]
[BlackElo "2327"]

1. c4 Nf6 2. g3 g6 3. b3 Bg7 4. Bb2 O-O 5. Bg2 d5 6. cxd5 Nxd5 7. Bxg7 Kxg7
8. Nf3 c5 9. O-O Nc6 10. d4 cxd4 11. Nxd4 Nxd4 12. Qxd4+ Nf6 13. Qe5 Qd6 14.
Qxd6 exd6 15. Nc3 Rd8 16. Rfd1 Rb8 17. Rd4 Be6 18. Rad1 Rbc8 19. Nb5 d5 20.
R4d2 Rc5 21. Nd4 Rdc8 22. h3 h5 23. f3 Kf8 24. g4 hxg4 25. hxg4 g5 26. Kf2 Ke7
27. Rh1 Rc1 28. Rdd1 Rxd1 29. Rxd1 Kd6 30. e3 a6 31. Rh1 Bd7 32. Ke2 Ke7 33.
Kd2 Kd6 34. Bf1 Ke7 35. Bd3 Kd6 36. Bf5 Be6 37. Rh6 Ke7 38. Bc2 Rd8 39. Bf5
Rc8 40. Bd3 Rd8 41. Bxa6 Ra8 42. Bxb7 Rxa2+ 43. Kc3 Nd7 44. Bc6 Ne5 45. Bb5
Ra1 46. Be2 Rc1+ 47. Kd2 Rg1 48. Rh5 Kf6 49. f4 gxf4 50. exf4 Nxg4 51. Rg5 Bc8
52. Rg8 Bd7 53. f5 Bxf5 54. Nxf5 Kxf5 55. b4 Ra1 56. Bxg4+ Ke5 57. Bd1 Rb1
58. Rg5+ Kd6 59. Rg4 Ke5 60. Bc2 Rh1 61. b5 Kd6 62. Rf4 Kc5 63. Bd3 1-0

[Event "87th Argentinean Championship"]
[Site "Villa Martelli, ARG"]
[Date "2013.04.06"]
[Round "4.2"]
[White "Valerga, Diego"]
[Black "Slipak, Sergio"]
[Result "1/2-1/2"]
[WhiteElo "2502"]
[BlackElo "2438"]

1. d4 d5 2. c4 e6 3. Nf3 a6 4. cxd5 exd5 5. Nc3 Nf6 6. Bg5 Be6 7. e3 Nbd7 8.
Bd3 Bd6 9. h3 c6 10. O-O Qc7 11. Rc1 h6 12. Bxf6 Nxf6 13. e4 dxe4 14. Nxe4
Nxe4 15. Bxe4 Qa5 16. a3 1/2-1/2

[Event "87th Argentinean Championship"]
[Site "Villa Martelli, ARG"]
[Date "2013.04.06"]
[Round "4.4"]
[White "Krysa, Leandro Sergio"]
[Black "Dolezal, Cristian"]
[Result "1/2-1/2"]
[WhiteElo "2378"]
[BlackElo "2415"]

1. d4 d5 2. c4 dxc4 3. Nf3 Nf6 4. e3 g6 5. Bxc4 Bg7 6. O-O O-O 7. Nc3 Nfd7 8.
h3 Nb6 9. Bb3 Nc6 10. Qe2 e5 11. dxe5 Nxe5 12. Nxe5 Bxe5 13. f4 Bg7 14. e4
Be6 15. Bxe6 fxe6 16. Be3 Bd4 17. Nb5 Bxe3+ 18. Qxe3 Qe7 19. Rac1 c6 20. Nd4
Rae8 21. Qb3 Kh8 22. Qc3 Qg7 23. Ne2 Qxc3 24. Nxc3 Rd8 25. Rcd1 Rxd1 26. Nxd1
Nc4 27. Nc3 b5 28. b3 Ne3 29. Rf2 Rd8 30. Rf3 Nc2 31. Rf2 Nb4 32. e5 Rd4 33.
a3 Nd5 34. Nxd5 cxd5 35. Rc2 Rxf4 36. Rc6 Re4 1/2-1/2

[Event "87th Argentinean Championship"]
[Site "Villa Martelli, ARG"]
[Date "2013.04.06"]
[Round "4.5"]
[White "Perez Ponsa, Federico"]
[Black "Fabian, Gaston"]
[Result "1/2-1/2"]
[WhiteElo "2476"]
[BlackElo "2336"]

1. e4 e5 2. Nf3 Nc6 3. Bb5 a6 4. Ba4 Nf6 5. O-O Nxe4 6. d4 b5 7. Bb3 d5 8.
dxe5 Be6 9. c3 Be7 10. Nbd2 Nc5 11. Bc2 d4 12. Nb3 d3 13. Nxc5 dxc2 14. Qxd8+
Rxd8 15. Nxe6 fxe6 16. Be3 Rd5 17. Rfc1 Kf7 18. Rxc2 Nxe5 19. Nxe5+ Rxe5 20.
Bf4 Rc5 21. Rd1 Rd8 22. Rxd8 Bxd8 23. Kf1 Rd5 24. Ke2 c5 25. c4 Rd4 26. Be3
Rxc4 27. Rxc4 bxc4 28. Bxc5 e5 29. Kf3 Ke6 30. Ke4 h5 31. Bf8 g6 32. f3 Bb6 33.
Bb4 Bc7 34. g3 Bd8 35. Bc3 Bc7 36. h3 Bd6 37. g4 Bc7 38. Bd2 Bd8 39. Bh6 Bc7
40. Be3 Bd8 41. Bd2 Be7 42. gxh5 gxh5 43. f4 exf4 44. Kxf4 Bf6 45. Bc3 Be7
46. Ke4 Bc5 47. a4 Bb6 48. Kf4 Bd8 49. Ke4 Bb6 50. Kf4 1/2-1/2

[Event "87th Argentinean Championship"]
[Site "Villa Martelli, ARG"]
[Date "2013.04.06"]
[Round "4.6"]
[White "Cuevas, Alex"]
[Black "Iermito, Sebastian"]
[Result "1/2-1/2"]
[WhiteElo "2298"]
[BlackElo "2463"]

1. c4 Nf6 2. Nc3 g6 3. g3 Bg7 4. Bg2 O-O 5. e4 d6 6. Nge2 c5 7. O-O Nc6 8. d3
Ne8 9. Be3 Nd4 10. Rb1 a5 11. Qd2 Nc7 12. f4 Rb8 13. f5 gxf5 14. Bh6 e5 15.
Bxg7 Kxg7 16. Nxd4 cxd4 17. Nd5 Nxd5 18. exd5 h6 19. Bh3 Qg5 20. Qxa5 b6 21.
Qe1 f4 22. Bxc8 Rbxc8 23. Kh1 fxg3 24. Rg1 Kh7 25. Rxg3 Qh5 26. Qf2 Rg8 27.
Rbg1 f5 28. Qg2 Rxg3 29. Qxg3 Qf7 30. Qh3 Re8 31. Rc1 f4 32. a4 Re7 33. b3 Qg6
1/2-1/2

[Event "87th Argentinean Championship"]
[Site "Villa Martelli, ARG"]
[Date "2013.04.06"]
[Round "4.7"]
[White "Real De Azua, Ernesto"]
[Black "Lujan, Carolina"]
[Result "1/2-1/2"]
[WhiteElo "2450"]
[BlackElo "2366"]

1. Nf3 Nf6 2. c4 g6 3. Nc3 d5 4. cxd5 Nxd5 5. Qb3 Nb6 6. d4 Bg7 7. e4 O-O 8.
Be3 Bg4 9. a4 a5 10. d5 Bxf3 11. gxf3 Na6 12. Rc1 Nb4 13. Rd1 Nd7 14. f4 c6
15. e5 Qc7 16. Bg2 Nb6 17. dxc6 bxc6 18. O-O Rab8 19. Ne4 N6d5 20. Qc4 Nxe3
21. fxe3 Qb6 22. Nc5 Nd5 23. Rd3 1/2-1/2

[Event "87th Argentinean Championship"]
[Site "Villa Martelli, ARG"]
[Date "2013.04.06"]
[Round "4.8"]
[White "Fiori, Hector Dionisio"]
[Black "Diaz Hollemaert, Nahuel"]
[Result "0-1"]
[WhiteElo "2171"]
[BlackElo "2418"]

1. e4 c5 2. Nf3 e6 3. d4 cxd4 4. Nxd4 a6 5. Bd3 Bc5 6. Nb3 Ba7 7. Nc3 Nc6 8.
Qe2 Nge7 9. Bg5 f6 10. Bd2 O-O 11. O-O d5 12. exd5 exd5 13. Bf4 Ng6 14. Nxd5
Qxd5 15. Bc4 Nxf4 16. Qe4 Qxc4 17. Qxc4+ Ne6 18. Kh1 Ne5 19. Qe4 Ng5 20. Qd5+
Be6 21. Qxb7 Rfb8 22. Qe7 Bc4 23. f4 Bxf1 24. Rxf1 Ng6 25. Qe2 Nf7 26. c3
Re8 27. Qc4 Be3 28. g3 Bb6 29. Nd4 Bxd4 30. Qxd4 Rad8 31. Qf2 Nd6 32. Qb6 Ne4
33. Qc6 f5 34. Qxa6 Rd2 35. Qb5 Red8 36. Qb6 R8d6 37. Qb3+ Kf8 38. Qb8+ Kf7
39. Qb3+ Kf6 40. Kg1 h5 41. c4 h4 42. c5 R6d3 43. Qb6+ Kf7 44. gxh4 Nxh4 45.
Qb7+ Kg6 46. Kh1 Nf3 47. Rg1+ Nxg1 48. Kxg1 Re3 49. Qa6+ Kh7 50. Qf1 Red3 0-1

[Event "87th Argentinean Championship"]
[Site "Villa Martelli, ARG"]
[Date "2013.04.06"]
[Round "4.9"]
[White "Liascovich, Lucas Agustin"]
[Black "Perez, Maximiliano"]
[Result "1-0"]
[WhiteElo "2410"]
[BlackElo "2298"]

1. d4 Nf6 2. Bg5 e6 3. e4 c5 4. d5 e5 5. d6 Qa5+ 6. Qd2 Qxd2+ 7. Nxd2 Bxd6 8.
O-O-O Ng4 9. Bh4 Nc6 10. Be2 Nh6 11. c3 Bc7 12. Nc4 b6 13. Bg5 Ng8 14. Nf3
f6 15. Bh4 Nge7 16. Nd6+ Bxd6 17. Rxd6 Bb7 18. Rhd1 Rd8 19. Ne1 h5 20. f3 Nc8
21. R6d2 a6 22. Nc2 N6e7 23. Ne3 b5 24. Bf2 d6 25. a4 Bc6 26. Nc2 Rd7 27.
axb5 axb5 28. Na3 c4 29. b3 d5 30. exd5 Nxd5 31. Nxb5 cxb3 32. Rxd5 Bxd5 33.
Rxd5 Rxd5 34. Nc7+ Kd7 35. Nxd5 Nd6 36. Kb2 Rb8 37. Nb4 f5 38. Kxb3 e4 39. Bd4
h4 40. c4 exf3 41. Bxf3 g5 42. Bd5 g4 43. Be5 Rc8 44. Nd3 Ne4 45. Kb4 Re8 46.
c5 Nf2 47. c6+ Kc8 48. Nxf2 Rxe5 49. Kc5 Kc7 50. Nd3 Re3 51. Nb4 f4 52. Bc4
Kd8 53. c7+ Kxc7 54. Nd5+ Kd7 55. Nxe3 fxe3 56. Kd5 Ke7 57. Ke5 h3 58. g3 1-0

[Event "87th Argentinean Championship"]
[Site "Villa Martelli, ARG"]
[Date "2013.04.06"]
[Round "4.10"]
[White "Montoro, Gustavo E."]
[Black "Julia, Ernesto"]
[Result "0-1"]
[WhiteElo "2050"]
[BlackElo "2374"]

1. e4 c6 2. d4 d5 3. exd5 cxd5 4. c4 Nf6 5. Nc3 g6 6. cxd5 Bg7 7. Bc4 O-O 8.
Nf3 Nbd7 9. Ne5 Nb6 10. Bb3 Nbxd5 11. O-O Be6 12. Re1 Qd6 13. Bg5 Rad8 14.
Qd2 Nc7 15. Bf4 Qb6 16. Na4 Qxd4 17. Qxd4 Rxd4 18. Nxg6 hxg6 19. Bxc7 Bxb3 20.
axb3 Nd5 21. Ba5 e6 22. Nc3 b6 23. Nxd5 Rxd5 24. Bc3 a5 25. b4 axb4 26. Bxb4
Rc8 27. Re2 Rb5 28. Ba3 Rb3 29. Kf1 b5 30. Re3 Rxe3 31. fxe3 Rc2 32. Rb1 Be5
33. h3 Kg7 34. b3 Kf6 35. Bb4 Kf5 36. Ba5 Ke4 37. Bb6 Bg3 38. Rd1 e5 39. Rd7
f5 40. Rd6 Rf2+ 41. Kg1 Re2 42. Rd1 Rb2 0-1

[Event "87th Argentinean Championship"]
[Site "Villa Martelli, ARG"]
[Date "2013.04.06"]
[Round "4.11"]
[White "Mahia, Gustavo"]
[Black "Barrionuevo, Pablo"]
[Result "1-0"]
[WhiteElo "2371"]
[BlackElo "2269"]

1. e4 e5 2. Nf3 Nc6 3. Bb5 Nge7 4. Nc3 g6 5. d4 exd4 6. Nd5 Bg7 7. Bg5 h6 8.
Bf6 Bxf6 9. Nxf6+ Kf8 10. Nxd4 Nf5 11. Bxc6 Qxf6 12. Nxf5 dxc6 13. Qd4 Qxd4
14. Nxd4 Bd7 15. O-O-O Ke7 16. c4 c5 17. Nc2 Ba4 18. b3 Bd7 19. Ne3 c6 20. Rd2
Rad8 21. Rhd1 h5 22. h4 Rhe8 23. Kc2 Bc8 24. Rxd8 Rxd8 25. Rxd8 Kxd8 26. Kd3
Ke7 27. e5 Be6 28. Ke4 b5 29. f3 a5 30. g4 hxg4 31. fxg4 Kf8 32. Kf4 Kg8 33.
Kg5 Kg7 34. h5 gxh5 35. gxh5 a4 36. bxa4 bxa4 37. a3 Kh7 38. Kf6 Kh6 39.
Nf5+ Kh7 40. Nd6 Kg8 41. h6 Kh7 42. Nxf7 Bxc4 43. Nd6 Be2 44. e6 Bh5 45. e7 1-0

[Event "87th Argentinean Championship"]
[Site "Villa Martelli, ARG"]
[Date "2013.04.06"]
[Round "4.12"]
[White "Giardelli, Sergio C."]
[Black "Mansilla, Martin"]
[Result "1-0"]
[WhiteElo "2346"]
[BlackElo "2071"]

1. c4 e5 2. g3 Nf6 3. Bg2 Nc6 4. Nc3 Bb4 5. e4 d6 6. Nge2 Bg4 7. h3 Be6 8.
Nd5 Bc5 9. d3 Nd4 10. Be3 Nxe2 11. Qxe2 c6 12. Nxf6+ Qxf6 13. O-O Qe7 14. f4 f6
15. Kh2 O-O 16. Rad1 Bxe3 17. Qxe3 c5 18. f5 Bd7 19. h4 Rab8 20. g4 Kf7 21.
Bh3 Bc6 22. Rf2 b5 23. g5 Ke8 24. Rg1 Rb7 25. Rfg2 Kd8 26. b3 a5 27. h5 fxg5
28. Rxg5 Qf6 29. Qg3 bxc4 30. dxc4 Rff7 31. Qe1 Ra7 32. R5g3 Qh4 33. Rxg7
Qf4+ 34. R7g3 Qxe4 35. Rg8+ Kc7 36. Qxe4 Bxe4 37. h6 Bxf5 38. Rf1 Be6 39. Rg7
Kb6 40. Rgxf7 Bxf7 41. Bf5 Bg6 42. Bxg6 1-0

[Event "87th Argentinean Championship"]
[Site "Villa Martelli, ARG"]
[Date "2013.04.06"]
[Round "4.14"]
[White "Della Morte, German"]
[Black "Malbran, Guillermo"]
[Result "1/2-1/2"]
[WhiteElo "2318"]
[BlackElo "2198"]

1. Nf3 g6 2. e4 c6 3. Nc3 Bg7 4. d4 d5 5. h3 Nf6 6. e5 Ne4 7. Bd3 Nxc3 8.
bxc3 c5 9. O-O c4 10. Be2 Qa5 11. Qd2 Nc6 12. a4 O-O 13. Ba3 Re8 14. Rfd1 Qd8
15. Qf4 b6 16. Re1 f6 17. Rad1 Bf5 18. Rd2 Qd7 19. Bf1 Na5 20. Rde2 Qxa4 21.
exf6 exf6 22. Bb4 Rxe2 23. Rxe2 Re8 24. g4 Be6 25. g5 f5 26. Bg2 Nc6 27. Nd2
Nxb4 28. cxb4 Bf7 29. Rxe8+ Qxe8 30. Nf1 a5 31. bxa5 bxa5 32. Qd6 Bxd4 33. Bxd5
Qe5 34. Bxf7+ Kxf7 35. Qd7+ Kg8 36. Qc8+ Kg7 37. Qd7+ Kg8 38. Qc8+ Kg7
1/2-1/2

[Event "87th Argentinean Championship"]
[Site "Villa Martelli, ARG"]
[Date "2013.04.06"]
[Round "4.15"]
[White "Bielicki, Carlos"]
[Black "Pineiro, Dario"]
[Result "1-0"]
[WhiteElo "2297"]
[BlackElo "2194"]

1. d4 f5 2. Nf3 Nf6 3. g3 d6 4. Bg2 g6 5. b3 Bg7 6. Bb2 O-O 7. O-O Qe8 8.
Nbd2 Na6 9. Nc4 c6 10. a4 h6 11. e3 Bd7 12. Ne1 Rb8 13. Nd3 g5 14. Qe2 Qg6 15.
Nd2 Rbe8 16. e4 fxe4 17. Nxe4 Bf5 18. f3 g4 19. Nef2 gxf3 20. Bxf3 Nc7 21.
Rae1 Ne6 22. Kh1 Kh8 23. g4 Bxd3 24. Nxd3 Ng5 25. Bg2 d5 26. Ne5 Qh7 27. Rf4
Nfe4 28. Ref1 Rf6 29. Kg1 Ref8 30. Qe3 h5 31. Nd7 Rxf4 32. Rxf4 Rxf4 33. Qxf4
hxg4 34. Qxg4 Qh6 35. Ne5 Bxe5 36. dxe5 e6 37. Bd4 Qg6 38. h4 c5 39. Be3 Qg7
40. Bxg5 Qxe5 41. Bxe4 dxe4 42. Qh5+ Kg7 43. Bh6+ Kf6 44. Bg7+ 1-0

[Event "87th Argentinean Championship"]
[Site "Villa Martelli, ARG"]
[Date "2013.04.06"]
[Round "4.16"]
[White "Fiori, Alberto Nicolas"]
[Black "Ferrara, Alexis Roberto"]
[Result "1/2-1/2"]
[WhiteElo "2128"]
[BlackElo "2195"]

1. e4 c5 2. Nf3 d6 3. d4 cxd4 4. Nxd4 Nf6 5. Nc3 g6 6. Be3 Bg7 7. f3 Nc6 8.
Qd2 O-O 9. O-O-O Nxd4 10. Bxd4 Be6 11. g4 Qa5 12. Kb1 Rfc8 13. Nd5 Qxd2 14.
Nxf6+ Bxf6 15. Rxd2 Bxd4 16. Rxd4 Rc5 17. Be2 Rac8 18. c3 Kg7 19. f4 f6 20. h4
a5 21. Rg1 h6 22. Bf3 b6 23. a3 g5 24. f5 Bb3 25. h5 b5 26. Kc1 Kf8 27. Kd2
Rb8 28. Rc1 Bc4 29. Bd1 a4 30. Be2 Ke8 31. Ke3 Kd7 32. Rcd1 Bf7 33. Rb4 Kc6
34. Bf3 Re5 35. Re1 Rd8 36. Kf2 Rd7 37. Be2 Rb7 38. Bf3 Bc4 39. Bd1 Ra7 40. Bf3
Kc5 41. Re3 e6 42. fxe6 Re7 43. Be2 Bxe2 44. Kxe2 R7xe6 45. Kd3 d5 46. Rd4
dxe4+ 47. Rdxe4 Rd5+ 48. Ke2 Red6 49. Kf3 f5 50. Re5 f4 51. Rxd5+ Rxd5 52. Re6
Rd3+ 53. Kf2 Rd6 54. Rg6 Kd5 55. Rg8 Kc4 56. Rg6 Rd2+ 57. Kf3 Rd3+ 58. Kf2
Rg3 59. Rxh6 Rxg4 60. Rg6 Kb3 61. Rb6 Kxb2 62. Rxb5+ Kxa3 63. c4 Rh4 64. Rxg5
Kb4 65. c5 Kb5 66. c6+ Kxc6 67. Ra5 Kd6 1/2-1/2

[Event "87th Argentinean Championship"]
[Site "Villa Martelli, ARG"]
[Date "2013.04.06"]
[Round "4.17"]
[White "Maldonado, Marcos"]
[Black "Bertaccini, Daniel"]
[Result "0-1"]
[WhiteElo "1991"]
[BlackElo "2176"]

1. d4 Nf6 2. c4 g6 3. Nc3 d5 4. Nf3 Bg7 5. Bg5 Ne4 6. cxd5 Nxc3 7. bxc3 Qxd5
8. Qb3 Be6 9. Rb1 Qxb3 10. axb3 Bf5 11. Rc1 Nd7 12. Nd2 h6 13. Bf4 e5 14.
dxe5 Nxe5 15. e4 Be6 16. Be2 O-O-O 17. Bxe5 Bxe5 18. Bc4 Rhe8 19. g3 Bxc4 20.
Nxc4 Bg7 21. Nd2 Rd3 22. c4 Bc3 23. Rxc3 Rxc3 24. Ke2 Rd8 25. Rb1 Rc2 26. Rd1
a5 27. f4 c6 28. e5 b5 29. cxb5 cxb5 30. g4 a4 31. bxa4 bxa4 32. f5 gxf5 33.
gxf5 a3 34. e6 fxe6 35. f6 Rcxd2+ 36. Rxd2 Rxd2+ 37. Kxd2 Kd8 38. Kc3 e5 0-1

[Event "87th Argentinean Championship"]
[Site "Villa Martelli, ARG"]
[Date "2013.04.06"]
[Round "4.18"]
[White "Rivero, Raul Omar"]
[Black "Mayo, Raul"]
[Result "0-1"]
[WhiteElo "1892"]
[BlackElo "2112"]

1. e4 c5 2. Ne2 d6 3. g3 h5 4. d4 Bg4 5. Bg2 Nc6 6. f3 Bd7 7. d5 Ne5 8. f4
Ng6 9. h3 Qc8 10. Qd3 e6 11. c4 exd5 12. cxd5 Be7 13. Nd2 f5 14. exf5 Bxf5 15.
Be4 Nh6 16. Nf3 O-O 17. Bd2 Bf6 18. Bc3 Re8 19. Bxf5 Bxc3+ 20. bxc3 Qxf5 21.
Kd2 Qxd3+ 22. Kxd3 Nf5 23. g4 Re3+ 24. Kd2 Rxe2+ 25. Kxe2 Ng3+ 26. Kd2 Nxh1
27. f5 Nf4 28. Rxh1 Re8 29. Rh2 hxg4 30. hxg4 Nxd5 31. Ng5 Re3 32. c4 Ra3 33.
Ke1 Nf4 34. Rd2 Rd3 35. Rf2 Rd4 36. Rc2 Nd3+ 37. Ke2 Rxg4 38. Kxd3 Rxg5 39.
Ke4 Kf7 40. Kf4 Kf6 41. Rd2 Rxf5+ 42. Kg4 Ke6 43. Rb2 b6 44. a4 Re5 45. Kf4
g5+ 46. Kf3 Rf5+ 47. Ke4 Rf4+ 48. Kd3 Rf3+ 49. Ke4 Rc3 0-1

[Event "87th Argentinean Championship"]
[Site "Villa Martelli, ARG"]
[Date "2013.04.06"]
[Round "4.19"]
[White "Ferrara, Enzo"]
[Black "Arguinariz, Enrique"]
[Result "0-1"]
[WhiteElo "1800"]
[BlackElo "2082"]

1. d4 d5 2. c4 e6 3. Nc3 c5 4. e3 Nc6 5. Nf3 Nf6 6. Bd3 dxc4 7. Bxc4 cxd4 8.
exd4 Be7 9. O-O O-O 10. Re1 b6 11. Bf4 Bb7 12. a3 Rc8 13. Ba2 Na5 14. Ne5 Nd5
15. Bd2 Nxc3 16. Bxc3 Bd5 17. Bb1 g6 18. Bc2 Nc4 19. Nxc4 Bxc4 20. Qg4 Bf6
21. Rad1 Qd5 22. h4 Rfd8 23. Be4 Qh5 24. Qxh5 gxh5 25. g3 Bd5 26. f3 Rd7 27.
Kf2 Rcd8 28. Ke3 Bg7 29. g4 hxg4 30. fxg4 Bxe4 31. Kxe4 Rd5 32. Rd3 f5+ 33.
gxf5 exf5+ 34. Ke3 Bf6 35. Kf4 Kf7 36. a4 Rg8 37. Rg3 Rxg3 38. Kxg3 Bxd4 39.
Kf4 Bxc3 40. bxc3 Ra5 41. h5 Kf6 42. Re8 Rxa4+ 43. Kf3 Rc4 44. Re3 a5 45. Rd3
Kg5 0-1

[Event "87th Argentinean Championship"]
[Site "Villa Martelli, ARG"]
[Date "2013.04.06"]
[Round "4.20"]
[White "Leal, Jorge Augusto"]
[Black "Franco, Gaston Nicolas"]
[Result "1/2-1/2"]
[WhiteElo "1863"]
[BlackElo "2042"]

1. Nf3 Nf6 2. d4 b6 3. Bf4 Ba6 4. Nbd2 d5 5. c4 dxc4 6. Rc1 b5 7. b3 c3 8.
Nb1 b4 9. a3 e6 10. Bg5 bxa3 11. Nxc3 Nbd7 12. e4 Bxf1 13. Kxf1 Qb8 14. e5 Nd5
15. Nxd5 exd5 16. g3 h6 17. Bf4 Be7 18. e6 Qb5+ 19. Kg2 fxe6 20. Ne5 Nxe5 21.
Bxe5 O-O 22. Qg4 Rf7 23. Rxc7 Qxb3 24. Rf1 Qb6 25. Rfc1 a2 26. R7c2 Qb1 27.
Qd1 Qb6 28. Rxa2 Bd6 29. Rb1 Qd8 30. Qe2 Bxe5 31. Qxe5 Qf6 32. Qe3 Rc7 33.
Ra6 Re8 34. Re1 Kf7 35. Qe2 Qf5 1/2-1/2

[Event "87th Argentinean Championship"]
[Site "Villa Martelli, ARG"]
[Date "2013.04.07"]
[Round "5.1"]
[White "Valerga, Diego"]
[Black "Flores, Diego"]
[Result "0-1"]
[WhiteElo "2502"]
[BlackElo "2600"]

1. e4 e5 2. Nf3 Nc6 3. d4 exd4 4. Nxd4 Bc5 5. Nxc6 Qf6 6. Qf3 Qxf3 7. gxf3
bxc6 8. Be3 Bb6 9. c4 Bxe3 10. fxe3 Rb8 11. b3 Ne7 12. Nc3 O-O 13. c5 d5 14.
cxd6 cxd6 15. Rd1 Rd8 16. Kf2 Be6 17. f4 f5 18. exf5 Bxf5 19. Bg2 d5 20. Rd2
Rf8 21. Rc1 Rb4 22. Ne2 g5 23. Rxc6 Nxc6 24. Bxd5+ Kh8 25. Bxc6 Bg4 26. Bf3
gxf4 27. Nxf4 Bxf3 28. Kxf3 a5 29. h4 a4 30. bxa4 Rxa4 31. h5 Rfa8 32. Rd7 Rxa2
33. Re7 Rf8 34. Re5 Raa8 35. Rd5 Rae8 36. Rc5 Re7 37. Rd5 Rfe8 38. Rd3 Re5
39. Rc3 Kg7 40. Rd3 Kf6 41. Kf2 Kg5 42. Kf3 Kh4 43. Kf2 Kg4 44. Rd4 Re4 45. Rd3
Ra4 46. Rd2 Ra3 47. Nd5 Rf8+ 48. Nf4 Rfa8 49. Ke2 Ra2 50. Rxa2 Rxa2+ 51. Kd3
Ra4 52. Ke2 Ra3 53. Kd2 Kf3 54. Nd5 Ra5 55. e4 Kxe4 56. Nf6+ Kf5 57. Nxh7
Ra8 0-1

[Event "87th Argentinean Championship"]
[Site "Villa Martelli, ARG"]
[Date "2013.04.07"]
[Round "5.2"]
[White "Mareco, Sandro"]
[Black "Krysa, Leandro Sergio"]
[Result "1/2-1/2"]
[WhiteElo "2580"]
[BlackElo "2378"]

1. Nf3 Nf6 2. c4 c5 3. Nc3 Nc6 4. d4 cxd4 5. Nxd4 e6 6. a3 d5 7. cxd5 exd5 8.
g3 Bc5 9. Nb3 Bb6 10. Bg2 d4 11. Na4 O-O 12. O-O Bg4 13. h3 Bh5 14. g4 Bg6
15. Bg5 Re8 16. Rc1 Rc8 17. Nbc5 Bxc5 18. Nxc5 b6 19. Nb3 Be4 20. f3 Bg6 21.
e4 dxe3 22. Qxd8 Rexd8 23. Rfe1 Rd3 24. Rxe3 Rxe3 25. Bxe3 Ne7 26. Re1 Nfd5
27. Bc1 h5 28. Bf1 hxg4 29. fxg4 a5 30. Nd4 f6 31. Kf2 Bf7 32. Ba6 Ra8 33. Bc4
Rc8 34. b3 Rd8 35. Kg3 Rd7 36. Bb5 Rc7 37. Bb2 Nc3 38. Bf1 Ncd5 39. Bc4 Rd7
40. Bb5 Rc7 41. h4 Nc3 42. Bf1 Ncd5 43. Bc4 Rd7 44. Bb5 Rc7 45. Bf1 Nc6 46. g5
Re7 47. Rc1 Re3+ 48. Kf2 Ne5 49. Be2 1/2-1/2

[Event "87th Argentinean Championship"]
[Site "Villa Martelli, ARG"]
[Date "2013.04.07"]
[Round "5.3"]
[White "Slipak, Sergio"]
[Black "Villanueva, Mario"]
[Result "1/2-1/2"]
[WhiteElo "2438"]
[BlackElo "2379"]

1. d4 Nf6 2. c4 g6 3. g3 Bg7 4. Bg2 O-O 5. Nc3 d6 6. Nf3 Nc6 7. O-O a6 8. b3
Rb8 9. Nd5 Bg4 10. Bb2 Nxd5 11. cxd5 Nb4 12. e4 c6 13. Qd2 a5 14. dxc6 Nxc6
15. d5 Bxb2 16. Qxb2 Nb4 17. Nd4 Qb6 18. h3 Bd7 19. Rad1 Rbc8 20. Rd2 Rc5 21.
Kh2 Rfc8 22. h4 Rc3 23. Rfd1 1/2-1/2

[Event "87th Argentinean Championship"]
[Site "Villa Martelli, ARG"]
[Date "2013.04.07"]
[Round "5.4"]
[White "Julia, Ernesto"]
[Black "Diaz Hollemaert, Nahuel"]
[Result "1/2-1/2"]
[WhiteElo "2374"]
[BlackElo "2418"]

1. Nf3 Nf6 2. g3 d5 3. Bg2 e6 4. O-O b5 5. b3 Bb7 6. c4 a6 7. d4 dxc4 8. bxc4
Nbd7 9. c5 Be7 10. Bb2 O-O 11. Nbd2 Ne4 12. Qc2 Nxd2 13. Nxd2 Bxg2 14. Kxg2
Kh8 15. Rad1 f5 16. Qb3 Bf6 17. c6 Nb6 18. Qxe6 Re8 19. Qxf5 Rxe2 20. Rfe1
1/2-1/2

[Event "87th Argentinean Championship"]
[Site "Villa Martelli, ARG"]
[Date "2013.04.07"]
[Round "5.5"]
[White "Dolezal, Cristian"]
[Black "Mahia, Gustavo"]
[Result "0-1"]
[WhiteElo "2415"]
[BlackElo "2371"]

1. e4 c5 2. g3 d5 3. Bg2 dxe4 4. Nc3 Nf6 5. Nxe4 Nxe4 6. Bxe4 g6 7. Qf3 Qd7
8. Qc3 Qd4 9. Ne2 Qxe4 10. f3 Qf5 11. Qxh8 Qxf3 12. Rf1 Qh5 13. Rf2 Nc6 14.
Nf4 Qe5+ 15. Qxe5 Nxe5 16. Nd5 Kd7 17. d3 b6 18. Bf4 Ng4 19. Re2 Bb7 20. Ne3
Nxe3 21. Rxe3 f6 22. Re2 e5 23. Bd2 h5 24. Kf2 Bg7 25. a4 a6 26. Bc3 Rh8 27.
Rf1 Bc6 28. b3 Kd6 29. Rfe1 Bd7 30. Kg2 h4 31. Kf3 Bc6+ 32. Kf2 Bd7 33. Kf3
Bc6+ 34. Kf2 hxg3+ 35. hxg3 Rh2+ 36. Kg1 Rh1+ 37. Kf2 Rh2+ 38. Kf1 Rh3 39. Kf2
g5 40. Rg1 g4 41. Ke1 Bf3 42. Rf2 f5 43. b4 cxb4 44. Bxb4+ Kd5 45. Bc3 Bf8 46.
d4 e4 47. Bd2 Kxd4 {Tiempo} 0-1

[Event "87th Argentinean Championship"]
[Site "Villa Martelli, ARG"]
[Date "2013.04.07"]
[Round "5.6"]
[White "Pichot, Alan"]
[Black "Liascovich, Lucas Agustin"]
[Result "0-1"]
[WhiteElo "2327"]
[BlackElo "2410"]

1. e4 d5 2. exd5 Qxd5 3. Nc3 Qa5 4. d4 Nf6 5. Bc4 c6 6. Nf3 Bf5 7. Bd2 e6 8.
Nd5 Qd8 9. Nxf6+ Qxf6 10. c3 Nd7 11. Qb3 Be4 12. Be2 c5 13. Qa4 a6 14. Bb5
Qd8 15. Bxd7+ Qxd7 16. Qxd7+ Kxd7 17. Ne5+ Ke8 18. f3 Bf5 19. g4 Bg6 20. h4 f6
21. Nxg6 hxg6 22. Be3 c4 23. a4 Bd6 24. Ke2 Kd7 25. a5 Rac8 26. Ra4 Rh7 27.
f4 Rch8 28. Bf2 Bxf4 29. Rb4 Rb8 30. Rxc4 g5 31. d5 exd5 32. Rd1 Ke6 33. Rb4
Bc7 34. Ba7 Re8 35. Kf3 gxh4 36. Rxb7 Kd6 37. Bf2 Ra8 38. Rb4 Kc6 39. c4 d4
40. c5 Rd8 41. Rb3 g5 42. Kg2 f5 43. Kh3 fxg4+ 44. Kxg4 Rf7 45. Bg1 Rd5 46. Re1
d3 47. Be3 Re7 48. Kf3 h3 0-1

[Event "87th Argentinean Championship"]
[Site "Villa Martelli, ARG"]
[Date "2013.04.07"]
[Round "5.7"]
[White "Real De Azua, Ernesto"]
[Black "Perez Ponsa, Federico"]
[Result "1/2-1/2"]
[WhiteElo "2450"]
[BlackElo "2476"]

1. d4 Nf6 2. c4 e6 3. Nf3 Bb4+ 4. Bd2 Qe7 5. g3 Bxd2+ 6. Qxd2 Nc6 7. Nc3 d5
8. cxd5 exd5 9. Bg2 O-O 10. O-O Re8 11. Rac1 Bf5 12. e3 Nd8 13. Ne5 c6 14. h3
Nd7 15. Nxd7 Qxd7 16. g4 Be6 17. f4 1/2-1/2

[Event "87th Argentinean Championship"]
[Site "Villa Martelli, ARG"]
[Date "2013.04.07"]
[Round "5.8"]
[White "Iermito, Sebastian"]
[Black "Bielicki, Carlos"]
[Result "1-0"]
[WhiteElo "2463"]
[BlackElo "2297"]

1. e4 e6 2. d4 d5 3. Nc3 dxe4 4. Nxe4 Nd7 5. Nf3 Ngf6 6. Nxf6+ Nxf6 7. c3 c5
8. Ne5 a6 9. Qa4+ Bd7 10. Nxd7 Qxd7 11. Qxd7+ Nxd7 12. Be3 cxd4 13. Bxd4
O-O-O 14. O-O-O Nb8 15. Be2 Nc6 16. Bb6 Rxd1+ 17. Rxd1 Be7 18. f4 Bd8 19. Be3 Bc7
20. Bf3 Ne7 21. Be4 Re8 22. g3 f5 23. Bc2 g6 24. Bb3 Nc6 25. Bc5 Na5 26. Ba4
b5 27. Bc2 e5 28. Re1 Kd7 29. fxe5 Rxe5 30. Rxe5 Bxe5 31. Bd1 Nb7 32. Be3
Nd6 33. Kc2 Nc4 34. Bc1 Kd6 35. Kd3 Nb6 36. b3 Nd5 37. Bd2 Kc5 38. a3 h5 39. c4
bxc4+ 40. bxc4 Nf6 41. Be3+ Kd6 42. c5+ Kc6 43. Bd4 Bxd4 44. Kxd4 Ng4 45.
Bf3+ Kd7 46. Bxg4 hxg4 47. Ke5 1-0